000 00442nam a22001697a 4500
003 BD-ChCU
005 20260405111328.0
008 260405b bg ||||| |||| 00| 0 ben d
040 _cBD-ChCU
082 _a378.013 TEC
100 _aN.R.S.P.T
_921143
245 _aTechnical education in Uttar pradesh/
_cN.R.S.P.T
260 _aAllahabad,
_bNRSPT,
_c1962
300 _a107p.
650 0 _aTechnical education
_921144
942 _2ddc
_cBK
_n0
999 _c112040
_d112040